Literature to go / (Record no. 53596)

MARC details
000 -LEADER
fixed length control field 00974cam a2200313 a 4500
001 - CONTROL NUMBER
control field 16240208
003 - CONTROL NUMBER IDENTIFIER
control field OSt
005 - DATE AND TIME OF LATEST TRANSACTION
control field 20180918114814.0
008 - FIXED-LENGTH DATA ELEMENTS--GENERAL INFORMATION
fixed length control field 100518s2011 maua 001 0 eng d
010 ## - LIBRARY OF CONGRESS CONTROL NUMBER
LC control number 2010928943
020 ## - INTERNATIONAL STANDARD BOOK NUMBER
International Standard Book Number 9780312624125 (pbk.)
020 ## - INTERNATIONAL STANDARD BOOK NUMBER
International Standard Book Number 0312624123 (pbk.)
035 ## - SYSTEM CONTROL NUMBER
System control number (OCoLC)ocn696641985
040 ## - CATALOGING SOURCE
Original cataloging agency CSG
Transcribing agency CSG
Modifying agency BTCTA
-- DLC
042 ## - AUTHENTICATION CODE
Authentication code lccopycat
050 00 - LIBRARY OF CONGRESS CALL NUMBER
Classification number PE1417
Item number .M48 2011
100 1# - MAIN ENTRY--PERSONAL NAME
Personal name Meyer, Michael,
Dates associated with a name 1945-
245 00 - TITLE STATEMENT
Title Literature to go /
Statement of responsibility, etc Michael Meyer.
260 ## - PUBLICATION, DISTRIBUTION, ETC. (IMPRINT)
Place of publication, distribution, etc Boston, MA :
Name of publisher, distributor, etc Bedford/St. Martins
Date of publication, distribution, etc c2011.
300 ## - PHYSICAL DESCRIPTION
Extent xxxiii, 1035 p. :
Other physical details ill. ;
Dimensions 22 cm.
500 ## - GENERAL NOTE
General note Includes index.
650 #0 - SUBJECT ADDED ENTRY--TOPICAL TERM
Topical term or geographic name as entry element College readers.
650 #0 - SUBJECT ADDED ENTRY--TOPICAL TERM
Topical term or geographic name as entry element Literature
Form subdivision Collections.
650 #0 - SUBJECT ADDED ENTRY--TOPICAL TERM
Topical term or geographic name as entry element English language
General subdivision Rhetoric.
730 0# - ADDED ENTRY--UNIFORM TITLE
Uniform title Bedford introduction to literature.
906 ## - LOCAL DATA ELEMENT F, LDF (RLIN)
a 7
b cbc
c copycat
d 3
e ncip
f 20
g y-gencatlg
942 ## - ADDED ENTRY ELEMENTS (KOHA)
Source of classification or shelving scheme Library of Congress Classification
Koha item type Book
Holdings
Withdrawn status Lost status Source of classification or shelving scheme Damaged status Not for loan Collection code Home library Current library Shelving location Date acquired Source of acquisition Cost, normal purchase price Total Checkouts Full call number Barcode Copy number Price effective from Koha item type
    Library of Congress Classification     Non-fiction Bishop Okullu Memorial Library (Limuru Campus) Bishop Okullu Memorial Library (Limuru Campus) General Circulation 18/09/2018 donation-BFA 1918.00   PE1417 .M48 2011 060207 1 18/09/2018 Book